Státy světa mapy, státní symboly, základní údaje, obyvatelstvo, hospodářství, státní zřízení, historie, hlavy států
Gespeichert in:
| Weitere Verfasser: | , |
|---|---|
| Format: | Buch |
| Sprache: | Tschechisch |
| Veröffentlicht: |
Havlíčkův Brod
Fragment
2001
|
| Schlagworte: | |
| Tags: |
Keine Tags, Fügen Sie das erste Tag hinzu!
|
MARC
| LEADER | 00000nam a2200000 4500 | ||
|---|---|---|---|
| 001 | c125020 | ||
| 005 | 20221108083659.5 | ||
| 020 | |a 80-7200-436-0 | ||
| 041 | 0 | |a cze | |
| 044 | |a CZ | ||
| 245 | 1 | 0 | |a Státy světa |b mapy, státní symboly, základní údaje, obyvatelstvo, hospodářství, státní zřízení, historie, hlavy států |c [preklad: Alexandra Sedunková] ; [zodpovedná redaktorka: Pavla Kovářová] |
| 264 | 1 | |a Havlíčkův Brod |b Fragment |c 2001 | |
| 300 | |a 424 s. | ||
| 610 | 2 | 0 | |a geografia hospodárska |
| 610 | 2 | 0 | |a štát |
| 610 | 2 | 0 | |a symboly |
| 610 | 2 | 0 | |a obyvateľstvo |
| 610 | 2 | 0 | |a politika hospodárska |
| 610 | 2 | 0 | |a história |
| 610 | 2 | 0 | |a prezidenti |
| 610 | 2 | 0 | |a systémy sociálno-ekonomické |
| 610 | 2 | 0 | |a dejiny |
| 610 | 2 | 0 | |a politika svetová |
| 700 | 1 | |a Sedunková, Alexandra | |
| 700 | 1 | |a Kovářová, Pavla | |